Statistics for Most Popular iPhone Apps

Click here to take the quiz!

General Stats

  • This quiz has been taken 15,528 times
    (8,280 since last reset)
  • The average score is 6 of 19

Answer Stats

RankCategoryApplication% Correct
#1 FreeSocial NetworkingFacebook
98%
#8 FreeSocial NetworkingTwitter
85%
#3 FreeSocial NetworkingInstagram
79%
#1 PaidGamesAngry Birds
69%
#4 FreeVideoYouTube
68%
#2 FreeMusicPandora
38%
#6 PaidMessagingWhatsApp Messenger
31%
#10 FreeReferenceGoogle Search
28%
#9 FreeGamesTemple Run
24%
#7 FreeWeatherWeather Channel
22%
#5 FreeVoiceSkype
18%
#2 PaidGamesFruit Ninja
13%
#4 PaidGamesCut the Rope
10%
#3 PaidGamesDoodle Jump
10%
#6 Free, #8 PaidGamesWords with Friends
10%
#7 PaidPhotoCamera+
5%
#10 PaidGamesAngry Birds Space
3%
#9 PaidGamesTiny Wings
3%
#5 PaidGamesAngry Birds Seasons
2%

Score Distribution

Percentile by Number Answered

Percent of People with Each Score

Your Score History

You have not taken this quiz since the last reset